000 00368 a2200157 4500
001 71881
020 _a8526249592
040 _cAnchieta - Colégio São Paulo
100 _aMachado, Nílson José
240 1 0 _aAmigos para ler e contar
_lpor
245 1 0 _aAmigos para ler e contar
300 _a24
362 0 _a2004
650 4 _aLiteratura infantil
942 _cBK
999 _c71881
_d71881